000 01081nam a2200241Ia 4500
003 Ost
005 20260507075125.0
008 260507s9999||||xx |||||||||||||| ||und||
020 _a162328977
040 _cfsecg
041 _aara
082 _a330
100 _aالنشار، محمد فتح الله
_eمؤلف
245 0 _aالتعامل بالأسهم في سوق الأوراق المالية :
_bرؤية شرعية في ضوء الفقه الإسلامي /
_c محمد فتح الله النشار
260 _aالإسكندرية:
_bدار الجامعة الجديدة,
_c2006
300 _a280 صفحة؛
_c24 سم
520 _aمفهوم الأسواق المالية-الأحكام العامة للأسهم-أحكام التعامل بالأسهم في شركات المساهمة-كيفية التعامل بالأسهم في سوق الأوراق المالية-زكاة الأسهم
653 _aالأسهم
653 _aالأسواق
653 _aالأسواق المالية
653 _aالأوراق المالية
942 _cكتاب
999 _c43135
_d43135